000 00662nam a2200253Ia 4500
003 OSt
005 20221005051124.0
006 a|||||r|||| 00| 0
007 ta
008 221004b |||||||| |||| 00| 0 eng d
024 _a103322
037 _cTextual
040 _aCRL
_cCRL
_beng
041 _2eng
_aeng
082 _aCN1, L6
100 _aBockhoff Frank J
_9595675
245 0 _aElements of quantum theory
250 _aSecond Edition
260 _aLondon
_bAddison-Wesley Publishing Company
_c1976
500 _aDSK Collection
650 _aPHYSICS
942 _hCN1, L6
_cTEXL
_2cc
999 _c958303
_d958303